| 000 -LEADER |
| fixed length control field |
00579nam a2200205Ia 4500 |
| 001 - CONTROL NUMBER |
| control field |
12696 |
| 003 - CONTROL NUMBER IDENTIFIER |
| control field |
GE_BSU |
| 008 - FIXED-LENGTH DATA ELEMENTS--GENERAL INFORMATION |
| fixed length control field |
181216s||||||||xx |||||||||||||| ||und|| |
| 040 ## - CATALOGING SOURCE |
| Transcribing agency |
GE_BSU |
| 080 ## - UNIVERSAL DECIMAL CLASSIFICATION NUMBER |
| Universal Decimal Classification number |
633.11 |
| 245 ## - TITLE STATEMENT |
| Title |
Мироновские пшеницы |
| 245 ## - TITLE STATEMENT |
| Statement of responsibility, etc. |
Под.общ.ред.В.Н.Ремесло.[ Ред.Е.С.Монова. Худ.Д.А.Исаев] |
| 260 ## - PUBLICATION, DISTRIBUTION, ETC. |
| Place of publication, distribution, etc. |
Москва |
| 260 ## - PUBLICATION, DISTRIBUTION, ETC. |
| Name of publisher, distributor, etc. |
Колос |
| 260 ## - PUBLICATION, DISTRIBUTION, ETC. |
| Date of publication, distribution, etc. |
1972 |
| 300 ## - PHYSICAL DESCRIPTION |
| Extent |
287стр.21см.илл. |
| 300 ## - PHYSICAL DESCRIPTION |
| Accompanying material |
Таблицы |
| 653 ## - INDEX TERM--UNCONTROLLED |
| Uncontrolled term |
Мироновские пшеницы |
| 942 ## - ADDED ENTRY ELEMENTS (KOHA) |
| Koha item type |
წიგნი |